| 000 | 00620nam a2200193 u 4500 | ||
|---|---|---|---|
| 005 | 20210223131603.0 | ||
| 008 | 110912s1998 r 000 0 eng d | ||
| 020 | _a3833111518 | ||
| 035 | _aUPN01000181788 | ||
| 049 | _aC | ||
| 050 | 4 |
_aD426 _bY3.3 |
|
| 100 | 1 | _aYapp, Nick | |
| 245 | 1 | 0 |
_aGettyimages 1970s : _bdecades of the 20th Century = décadas del siglo XX = decadi de XX secolo / _cNick Yapp. |
| 260 |
_aChina : _bKönemann, _cc1998. |
||
| 300 |
_a393 p. : _bil. |
||
| 650 | 4 |
_aHISTORIA MODERNA - _ySIGLO XX - _vTRABAJOS PICTORICOS _919554 |
|
| 650 | 4 |
_aSIGLO XX - _vTRABAJOS PICTORICOS _919556 |
|
| 905 | _aLibro | ||
| 999 |
_c153891 _d153891 |
||